000 00693nam a2200289Ia 4500
005 20260324131300.0
008 008 260324s9999 xx 000 0 eng d
020 _a9780203002476
037 _aEBOOK
040 _aCRL
040 _beng
040 _cCRL
041 _2eng
041 _aeng
084 _qCRL
100 _aPeter J Smith; Eugene Sadler-Smith
_91184918
245 0 _aLearning in Organizations
245 0 _bComplexities and Diversities
260 _bTaylor and Francis
260 _c2006
365 _a
365 _b290
856 _uhttp://www.taylorfrancis.com/books/9780203002476
942 _cEBOOK
999 _c1781924
_d1781924